Climate change and politics of development / (Record no. 81226)

MARC details
000 -LEADER
fixed length control field 00646nam a22002057a 4500
005 - DATE AND TIME OF LATEST TRANSACTION
control field 20131226113100.0
010 ## - LCCN (DPL NO)
LC control number ENG-108868
020 ## - INTERNATIONAL STANDARD BOOK NUMBER
Terms of availability 895.00
International Standard Book Number 9789381839218
035 ## - SYSTEM CONTROL NUMBER
System control number EN-92401
037 ## - SOURCE OF ACQUISITION
Source of stock number/acquisition DBAD/PUB
082 ## - DEWEY DECIMAL CLASSIFICATION NUMBER
Classification number 363.738745
100 ## - MAIN ENTRY--PERSONAL NAME
Personal name Das, Kumar B.
245 ## - TITLE STATEMENT
Title Climate change and politics of development /
Statement of responsibility, etc by Kumar B. Das [and] Geetanjali Dash
260 ## - PUBLICATION, DISTRIBUTION, ETC. (IMPRINT)
Place of publication, distribution, etc New Delhi
Name of publisher, distributor, etc Avon Publications
Date of publication, distribution, etc 2013
270 ## - ADDRESS
Address 5A-12, Ground Floor, Ansari Road Daryaganj
City New Delhi
Postal code 110002
300 ## - PHYSICAL DESCRIPTION
Extent xv,270p.
Dimensions 22cm(Hb)
500 ## - GENERAL NOTE
General note Includes index
700 ## - ADDED ENTRY--PERSONAL NAME
Personal name Dash, Geetanjali
942 ## - ADDED ENTRY ELEMENTS (KOHA)
Source of classification or shelving scheme Dewey Decimal Classification
Item type English Books
Call number suffix DAS
Classification part 363.738745
Holdings
Withdrawn status Lost status Not for loan Collection code Home library Current library Date acquired Source of acquisition Cost, normal purchase price Full call number Barcode Copy number Cost, replacement price Koha item type
    Not For Loan Non-fiction D.B.Act.Division D.B.Act.Division 18/12/2013 DBAD/PUB 895.00 363.738745 DAS EN-92401 1 895.00 English Books

© Delhi Public Library
Hit Counter
free hit counter